| 000 | 01459cam a2200409Ia 4500 | ||
|---|---|---|---|
| 001 | 86492 | ||
| 005 | 20230410130522.0 | ||
| 008 | 890607s1988 fr 000 1 fre d | ||
| 035 | _a(OCoLC)ocm19826992 | ||
| 040 |
_aFIL _bfre _cFIL _dOCLCQ _dMUQ _dOCLCQ |
||
| 020 |
_a207071456X : _cFF 190 |
||
| 020 | _a9782070714568 | ||
| 029 | 1 |
_aZWZ _b001438999 |
|
| 035 | _a(OCoLC)19826992 | ||
| 041 | 1 |
_afre _heng |
|
| 049 | _aGRAL | ||
| 050 | 1 | 4 |
_aPL 833 _bM678m 1988 |
| 082 | 0 | 0 | _a895.6/3/5 |
| 100 | 1 |
_aMishima, Yukio, _d1925-1970. |
|
| 245 | 1 | 3 |
_aLa mer de la fertilité : _bNeige de printemps ; Chevaux échappés ; Le temple de L'aube ; L'ange en décomposition / _cYukio Mishima ; Trad. de l'anglais par Tanguy Kenec'hdu ; Précédé d'un texte de Marguerite Yourcenar. |
| 260 |
_aParis : _bGallimard, _c1988. |
||
| 300 |
_axxxvi, 1489 p. ; _c22 cm. |
||
| 490 | 0 | _aColección Biblos. | |
| 500 | _aTitre original: The Sea Of Fertility | ||
| 500 | _aPréface de Marguerite Yourcenar : extraits tirés de son essai intitulé : "Mishima ou La Vision du vide", paru aux éd. Gallimard en 1980. | ||
| 650 | 4 | _aCES | |
| 650 | 4 | _aColección Enriquillo Sánchez | |
| 700 | 1 |
_aKenec'hdu, Tanguy, _etrad. |
|
| 700 | 1 |
_aYourcenar, Marguerite, _epref. |
|
| 740 | 0 | 2 | _aNeige de printemps. |
| 740 | 0 | 2 | _aChevaux echappés. |
| 740 | 0 | 2 | _aTemple de l'aube. |
| 740 | 0 | 2 | _aAnge en decomposition. |
| 942 |
_2lcc _cbk |
||
| 994 |
_aC0 _bDRFGD |
||
| 946 | _ardc | ||
| 999 |
_c75456 _d75456 |
||